000 01405nam0a22002651 4500
001 rc\954507
005 20041129100247.4
035 _a(NLR Aleph) 006125571
090 _a5506789
_c5506789
100 _a20041129d1982 u |0rusy50 ca
101 0 _arus
102 _aRU
105 _aa |||||||||
200 1 _aПорядок определения цен и Нцп на продукцию отрасли
_e(Деловая игра)
_eМетод. разраб.
_fИн-т повышения квалификации руководящих работников и специалистов судостроит. пром-сти
_g[К. э. н. В.Н. Кашкина]
210 _aЛ.
_cИПК СП
_d1982
215 _a37 с.
_cил.
_d20
300 _aЗагл. 2-го доп. и перераб. изд.: Планирование оптовых цен и нормативов чистой продукции в судостроении
320 _aБиблиогр.: с. 36
702 1 _aКашкина
_bВ. Н.
_gВалентина Николаевна
_4220
712 0 2 _aИнститут повышения квалификации руководящих работников и специалистов судостроительной промышленности
_cЛенинград
801 0 _aRU
_bNLR
_gpsbo
801 1 _aRU
_bELAR
_2rusmarc
852 _aNLR
_j82-4/15406
942 _cBOOK
980 _aNB